000 00344nam a2200121Ia 4500
008 151001s9999||||xx |||||||||||||| ||und||
100 _aहरी नारायण आपटे
245 _aचंद्रगुप्त
250 _a1
260 _bबाबाजी सखाराम आणि कं
300 _a315
365 _b6.5
999 _c948480
_d948477